Languages by Celebrity - Statistics

General Stats
  • This quiz has been taken 70 times
  • The average score is 8 of 10
Answer Stats
Celebrity Language % Correct
Taylor Swift English
100%
Arnold Schwarzenegger German
97%
Penelope Cruz Spanish
97%
Cristiano Ronaldo Portuguese
92%
Mila Kunis Russian
81%
Eva Green French
79%
Jackie Chan Cantonese
73%
Natalie Portman Hebrew
63%
Charlize Theron Afrikaans
56%
Rita Ora Albanian
33%
No matching quizzes found
Score Distribution
Percent of People with Each Score
Percentile by Number Answered
Your Score History
You have not taken this quiz